[Event "17. Int. Boeblinger Open"]
[Site "Boeblingen"]
[Date "2000.12.28"]
[Round "5"]
[White "Atalik, Suat"]
[Black "Florea, Dan"]
[Result "1/2-1/2"]
[WhiteElo "2552"]
[BlackElo "2298"]
[PlyCount "86"]
[EventDate "2000.12.26"]

1. d4 Nf6 2. c4 e6 3. g3 c5 4. d5 exd5 5. cxd5 d6 6. Nc3 g6 7. Nf3 Bg7 8. Bg2
O-O 9. O-O Re8 10. Bf4 a6 11. a4 Nh5 12. Bg5 Qc7 13. Rc1 Qa5 14. Nd2 b5 15.
Nde4 Qb6 16. a5 Qc7 17. b4 c4 18. Be3 Nd7 19. Bd4 Ndf6 20. Nxf6+ Bxf6 21. Bf3
Qe7 22. Bxh5 gxh5 23. Kg2 Bf5 24. Re1 Bxd4 25. Qxd4 Qe5 26. Qxe5 Rxe5 27. f3
Rae8 28. Kf2 R5e7 29. Red1 Bg6 30. Rd2 Kg7 31. Ra1 f6 32. Ra3 Kh6 33. Nd1 Re5
34. Ne3 Bd3 35. Ng4+ hxg4 36. exd3 Rh5 37. Kg2 gxf3+ 38. Kxf3 Rxd5 39. Rc2
Rxd3+ 40. Rxd3 cxd3 41. Rd2 Re6 42. Rxd3 Kg6 43. Rd5 f5 1/2-1/2

[Event "17. Int. Boeblinger Open"]
[Site "Boeblingen"]
[Date "2000.12.28"]
[Round "5"]
[White "Delemarre, Jop"]
[Black "Luther, Thomas"]
[Result "1/2-1/2"]
[WhiteElo "2347"]
[BlackElo "2538"]
[PlyCount "37"]
[EventDate "2000.12.26"]

1. d4 e6 2. c4 Nf6 3. Nf3 d5 4. Nc3 Bb4 5. cxd5 exd5 6. Bg5 Nbd7 7. Qc2 O-O 8.
a3 Bxc3+ 9. Qxc3 c6 10. e3 h6 11. Bh4 Qe8 12. Bxf6 Nxf6 13. Bd3 Ne4 14. Qc2 Bf5
15. O-O Qe6 16. Nh4 Bh7 17. f3 Ng5 18. Bxh7+ Nxh7 19. Nf5 1/2-1/2

[Event "17. Int. Boeblinger Open"]
[Site "Boeblingen"]
[Date "2000.12.28"]
[Round "5"]
[White "Dunsbach, Ralf"]
[Black "Kleinschroth, Roland"]
[Result "1-0"]
[WhiteElo "2330"]
[BlackElo "2188"]
[PlyCount "121"]
[EventDate "2000.12.26"]

1. Nf3 Nc6 2. c4 e5 3. d4 d5 4. cxd5 Qxd5 5. Nc3 Bb4 6. Bd2 Bxc3 7. Bxc3 e4 8.
Nd2 Nf6 9. e3 O-O 10. Qb3 Qxb3 11. Nxb3 Nd5 12. Bc4 Nce7 13. Nc5 f5 14. Bb4 Kh8
15. Ba3 Rf6 16. Rc1 b6 17. Nb3 Bd7 18. Bxe7 Nxe7 19. g3 c6 20. Nd2 Rc8 21. b4
Be6 22. O-O Bd5 23. Bxd5 Nxd5 24. a3 g5 25. g4 Re8 26. gxf5 h5 27. Rc2 Kg7 28.
Rfc1 g4 29. Rxc6 Re7 30. Rxf6 Kxf6 31. Rc6+ Kxf5 32. Nc4 Nf6 33. Nd6+ Kg5 34.
Nb5 Nd5 35. Nc3 Nxc3 36. Rxc3 h4 37. Kg2 h3+ 38. Kf1 Kf5 39. Ke2 Rg7 40. Rc8
Ke6 41. Re8+ Kd5 42. Re5+ Kc4 43. Rxe4 Kb3 44. d5 Kxa3 45. d6 Rd7 46. Rd4 Ka4
47. e4 Kb5 48. e5 Kc6 49. Rxg4 Kd5 50. f4 Ke4 51. Rg6 a5 52. bxa5 bxa5 53. e6
Rxd6 54. e7 Rxg6 55. e8=Q+ Kf5 56. Qe5+ Kg4 57. Ke3 a4 58. Ke4 a3 59. Qf5+ Kh4
60. Qxg6 a2 61. Qg5# 1-0

[Event "17. Int. Boeblinger Open"]
[Site "Boeblingen"]
[Date "2000.12.28"]
[Round "5"]
[White "Haub, Thorsten-Michael"]
[Black "Huber, Martin"]
[Result "1/2-1/2"]
[WhiteElo "2370"]
[BlackElo "2212"]
[PlyCount "79"]
[EventDate "2000.12.26"]

1. Nf3 f5 2. c4 Nf6 3. g3 g6 4. Bg2 Bg7 5. O-O O-O 6. Nc3 d6 7. Rb1 Nc6 8. b4
e5 9. d3 h6 10. b5 Ne7 11. Nd2 g5 12. Ba3 Nd7 13. Nb3 a6 14. c5 axb5 15. cxd6
Rxa3 16. Nxb5 Rxa2 17. dxe7 Qxe7 18. Nxc7 Nf6 19. Nd5 Nxd5 20. Bxd5+ Kh8 21.
Nd2 Ra5 22. Qb3 b5 23. Bc6 Bd7 24. Qd5 Bxc6 25. Qxc6 b4 26. Nc4 Ra2 27. e3 f4
28. Qd5 Ra7 29. Qe4 Qb7 30. Rb3 Qxe4 31. dxe4 fxg3 32. hxg3 Rb8 33. Rfb1 Rab7
34. g4 Kh7 35. Kg2 Rb5 36. Ra1 Rc5 37. Nd6 Rc3 38. Rab1 Rxb3 39. Rxb3 Kg6 40.
Nc4 1/2-1/2

[Event "17. Int. Boeblinger Open"]
[Site "Boeblingen"]
[Date "2000.12.28"]
[Round "5"]
[White "Hauke, Christian"]
[Black "Weiland, Guenter"]
[Result "1/2-1/2"]
[WhiteElo "2262"]
[BlackElo "2095"]
[PlyCount "34"]
[EventDate "2000.12.26"]

1. d4 g6 2. e4 Bg7 3. Nc3 d6 4. Bg5 h6 5. Bh4 c6 6. Qd2 Qb6 7. O-O-O Nd7 8. f4
Qc7 9. Nf3 b5 10. Bd3 Nb6 11. f5 g5 12. Bg3 g4 13. Nh4 Bxd4 14. Nxb5 Bxb2+ 15.
Kxb2 cxb5 16. Bxb5+ Bd7 17. Bxd7+ Nxd7 1/2-1/2

[Event "17. Int. Boeblinger Open"]
[Site "Boeblingen"]
[Date "2000.12.28"]
[Round "5"]
[White "Hellmayr, Alois"]
[Black "Wegener, Hans Karl"]
[Result "1-0"]
[WhiteElo "2263"]
[BlackElo "2097"]
[PlyCount "41"]
[EventDate "2000.12.26"]

1. c4 e5 2. Nc3 Nc6 3. e3 Nf6 4. Nf3 Bb4 5. Qc2 Bxc3 6. Qxc3 Ne4 7. Qc2 Ng5 8.
Be2 d6 9. a3 a5 10. b3 Bg4 11. Nxg5 Qxg5 12. Bxg4 Qxg4 13. O-O O-O 14. Bb2 f5
15. f3 Qh4 16. f4 Rae8 17. Rf3 Re6 18. Raf1 Rg6 19. fxe5 Nxe5 20. Bxe5 dxe5 21.
Rxf5 1-0

[Event "17. Int. Boeblinger Open"]
[Site "Boeblingen"]
[Date "2000.12.28"]
[Round "5"]
[White "Hoen, Lothar"]
[Black "Doettling, Fabian"]
[Result "1/2-1/2"]
[WhiteElo "2224"]
[BlackElo "2475"]
[PlyCount "35"]
[EventDate "2000.12.26"]

1. e4 c6 2. d4 d5 3. e5 Bf5 4. c4 e6 5. Nc3 Nd7 6. Nf3 h6 7. Be3 dxc4 8. Bxc4
Ne7 9. O-O Nd5 10. Nxd5 cxd5 11. Bd3 Bxd3 12. Qxd3 Be7 13. Rfc1 O-O 14. Qb5 Nb6
15. b3 Rc8 16. Qa5 Rxc1+ 17. Rxc1 Qb8 18. Bd2 1/2-1/2

[Event "17. Int. Boeblinger Open"]
[Site "Boeblingen"]
[Date "2000.12.28"]
[Round "5"]
[White "Hoeschele, Hans-Ulrich"]
[Black "Holzinger, Eugen"]
[Result "1/2-1/2"]
[WhiteElo "2233"]
[BlackElo "2026"]
[PlyCount "64"]
[EventDate "2000.12.26"]

1. Nf3 d5 2. b3 c5 3. Bb2 Nc6 4. e3 Bg4 5. Be2 e6 6. d3 Nf6 7. Nbd2 Bd6 8. e4
Bxf3 9. Bxf3 O-O 10. exd5 exd5 11. O-O Be5 12. Bxe5 Nxe5 13. Re1 Re8 14. g3 Rc8
15. Bg2 Rc7 16. Nf3 Nxf3+ 17. Bxf3 Rce7 18. Rxe7 Qxe7 19. Qd2 Qe5 20. Rb1 b6
21. b4 d4 22. bxc5 Qxc5 23. Rb4 Qa5 24. a4 Rc8 25. Rc4 Rxc4 26. Qxa5 bxa5 27.
dxc4 Nd7 28. Bc6 Nc5 29. Kf1 Kf8 30. Ke2 Ke7 31. f3 Kd6 32. Be8 Ke7 1/2-1/2

[Event "17. Int. Boeblinger Open"]
[Site "Boeblingen"]
[Date "2000.12.28"]
[Round "5"]
[White "Jurasin, Marin"]
[Black "Gheng, Josef"]
[Result "0-1"]
[WhiteElo "2168"]
[BlackElo "2321"]
[PlyCount "152"]
[EventDate "2000.12.26"]

1. c4 Nf6 2. Nc3 e6 3. e3 Bb4 4. d4 O-O 5. Bd3 c5 6. Nge2 Nc6 7. dxc5 Bxc5 8.
Ng3 Ne5 9. Be2 b6 10. f4 Ng6 11. a3 Nh4 12. b4 Be7 13. O-O Bb7 14. Rf2 a5 15.
Rb1 axb4 16. axb4 d5 17. cxd5 Nxd5 18. Nxd5 Qxd5 19. Qxd5 Bxd5 20. e4 Ba2 21.
Rb2 Rfc8 22. Be3 Bf6 23. e5 Bd8 24. Ba6 Rc3 25. Bb7 Rb8 26. Bd2 Ra3 27. Be4 Bc4
28. Nf1 b5 29. g3 Nf5 30. Rf3 Ra1 31. Rb1 Bb6+ 32. Kg2 Rxb1 33. Bxb1 Bd5 34.
Bxf5 exf5 35. Be3 Be4 36. Kf2 Bxf3 37. Kxf3 g6 38. Bxb6 Rxb6 39. Ne3 Ra6 40.
Nd5 Ra2 41. h4 Ra3+ 42. Kg2 Rb3 43. Kh3 Rb2 44. h5 Kg7 45. hxg6 hxg6 46. g4 Rd2
47. Nc7 Rd3+ 48. Kh4 fxg4 49. Kxg4 Rd7 50. Nxb5 Rb7 51. Nd6 Rxb4 52. Kg5 Rb1
53. Ne8+ Kf8 54. Nd6 Ke7 55. Ne4 Rg1+ 56. Kh4 Ke6 57. Ng3 Kd5 58. Kg4 Kd4 59.
Kf3 Kd3 60. Ne4 Rf1+ 61. Nf2+ Kd2 62. Kg3 Ke2 63. Ne4 Ke3 64. Ng5 Rxf4 65. e6
fxe6 66. Nxe6 Rf1 67. Ng5 Rg1+ 68. Kh4 Rg2 69. Ne6 Ke4 70. Kh3 Rg1 71. Kh2 Rg4
72. Kh3 Kf3 73. Kh2 g5 74. Nc5 Rg2+ 75. Kh1 Rd2 76. Ne6 Kg3 0-1

[Event "17. Int. Boeblinger Open"]
[Site "Boeblingen"]
[Date "2000.12.28"]
[Round "5"]
[White "Kekelidze, Mikheil"]
[Black "Wornath, Kai Rudolf"]
[Result "1/2-1/2"]
[WhiteElo "2512"]
[BlackElo "2391"]
[PlyCount "52"]
[EventDate "2000.12.26"]

1. d4 Nf6 2. Nf3 g6 3. c4 c5 4. Nc3 cxd4 5. Nxd4 Bg7 6. e4 d6 7. Be2 O-O 8. Be3
Nc6 9. O-O Bd7 10. Qd2 Nxd4 11. Bxd4 Bc6 12. f3 Nd7 13. Be3 a5 14. Rac1 a4 15.
Rfd1 Nc5 16. Nb5 Qa5 17. Qxa5 Rxa5 18. Rb1 Ne6 19. Nc3 Bxc3 20. bxc3 f5 21. Bb6
Raa8 22. c5 Nxc5 23. e5 Nd7 24. exd6 Nxb6 25. dxe7 Rfe8 26. Rxb6 Rxe7 1/2-1/2

[Event "17. Int. Boeblinger Open"]
[Site "Boeblingen"]
[Date "2000.12.28"]
[Round "5"]
[White "Klovans, Janis"]
[Black "Kranzl, Peter"]
[Result "1/2-1/2"]
[WhiteElo "2466"]
[BlackElo "2268"]
[PlyCount "110"]
[EventDate "2000.12.26"]

1. e4 c6 2. d4 d5 3. e5 Bf5 4. Nf3 e6 5. Be2 Nd7 6. O-O h6 7. Nbd2 Ne7 8. Re1
a6 9. Nf1 c5 10. Ng3 Bg6 11. Be3 Nc6 12. c4 cxd4 13. Nxd4 Nxd4 14. Bxd4 dxc4
15. Bxc4 Rc8 16. Qb3 Rc6 17. Be2 Bc5 18. Bxc5 Nxc5 19. Qe3 Qb6 20. Bf3 Rc8 21.
Rac1 O-O 22. Rc3 Na4 23. Qxb6 Nxb6 24. Rb3 Na4 25. Rxb7 Rc2 26. b3 Nc3 27. a4
Rd8 28. h4 Rdd2 29. h5 Bd3 30. Re3 g5 31. hxg6 Bxg6 32. Nf1 Rxf2 33. Rxc3 Rxf1+
34. Kxf1 Rxc3 35. b4 Re3 36. a5 Bd3+ 37. Kf2 Rxe5 38. Rb6 Kg7 39. Bb7 Re2+ 40.
Kf3 Rb2 41. Ke3 Bb5 42. Rxb5 axb5 43. a6 Rxb4 44. a7 Ra4 45. a8=Q Rxa8 46. Bxa8
f5 47. Kd4 Kf6 48. Kc5 Ke5 49. Kxb5 Kf4 50. Kc4 h5 51. Kd3 e5 52. Ke2 Kg3 53.
Kf1 h4 54. Bd5 e4 55. Bc6 h3 1/2-1/2

[Event "17. Int. Boeblinger Open"]
[Site "Boeblingen"]
[Date "2000.12.28"]
[Round "5"]
[White "Lomineishvili, Maia"]
[Black "Pelt, Alexander"]
[Result "1/2-1/2"]
[WhiteElo "2412"]
[BlackElo "2105"]
[PlyCount "51"]
[EventDate "2000.12.26"]

1. d4 d5 2. c4 dxc4 3. Nf3 Nf6 4. e3 e6 5. Bxc4 c5 6. O-O a6 7. a4 Nc6 8. Qe2
Qc7 9. Nc3 Be7 10. Rd1 Nb4 11. dxc5 Bxc5 12. h3 b6 13. Bd2 Bb7 14. Rac1 O-O 15.
Na2 Nxa2 16. Bxa2 Qe7 17. Bc3 Rfd8 18. Bb1 Rxd1+ 19. Rxd1 Rd8 20. Rxd8+ Qxd8
21. Qd3 Qxd3 22. Bxd3 Nd5 23. Bd4 Bxd4 24. Nxd4 Nb4 25. Bc4 Kf8 26. Kf1 1/2-1/2

[Event "17. Int. Boeblinger Open"]
[Site "Boeblingen"]
[Date "2000.12.28"]
[Round "5"]
[White "Meijers, Viesturs"]
[Black "Born, Mario"]
[Result "1-0"]
[WhiteElo "2464"]
[BlackElo "2223"]
[PlyCount "99"]
[EventDate "2000.12.26"]

1. e4 c6 2. d4 d5 3. exd5 cxd5 4. c4 Nf6 5. Nc3 g6 6. Qb3 Bg7 7. cxd5 O-O 8.
Be2 Nbd7 9. Bf3 Qb6 10. Nge2 h6 11. h4 Rd8 12. Bf4 Ne8 13. O-O Qxb3 14. axb3
Ndf6 15. Ra4 Bg4 16. Bxg4 Nxg4 17. Rb4 Rd7 18. Ra1 Ngf6 19. Ra5 a6 20. Rb6 Rc8
21. b4 Nd6 22. Bxd6 exd6 23. b5 axb5 24. Raxb5 Rcc7 25. Kf1 Ng4 26. g3 f5 27.
Rb4 g5 28. hxg5 hxg5 29. Nb5 Rc2 30. Na3 Rcc7 31. Rc4 f4 32. gxf4 gxf4 33. Nxf4
Rxc4 34. Nxc4 Bxd4 35. Rb3 Rf7 36. Ne6 Rxf2+ 37. Ke1 Rc2 38. Na3 Bf2+ 39. Kd1
Rc8 40. Ke2 Kh7 41. Kf3 Rg8 42. Rxb7+ Kh6 43. Nc4 Bg3 44. Kxg3 Ne5+ 45. Kf4
Nxc4 46. b3 Ne5 47. Rb6 Rg4+ 48. Kf5 Rg1 49. Rxd6 Nf7 50. Rb6 1-0

[Event "17. Int. Boeblinger Open"]
[Site "Boeblingen"]
[Date "2000.12.28"]
[Round "5"]
[White "Michalczak, Thomas"]
[Black "Brodbeck, Stefan"]
[Result "1/2-1/2"]
[WhiteElo "2282"]
[BlackElo "2150"]
[PlyCount "65"]
[EventDate "2000.12.26"]

1. e4 c5 2. c3 Nf6 3. e5 Nd5 4. d4 cxd4 5. Nf3 Nc6 6. Bc4 Nb6 7. Bb3 d5 8. exd6
Qxd6 9. O-O Bf5 10. Nxd4 Nxd4 11. cxd4 e6 12. Nc3 Be7 13. Qf3 Qd7 14. d5 exd5
15. Nxd5 Nxd5 16. Bxd5 O-O 17. Bxb7 Rab8 18. Be4 Bg4 19. Qd3 Qxd3 20. Bxd3 Rfd8
21. Bc4 Bf6 22. Bb3 a5 23. Re1 Rbc8 24. h3 Bf5 25. Rd1 Rxd1+ 26. Bxd1 Re8 27.
Bd2 Bxb2 28. Ba4 Re4 29. Re1 Rxe1+ 30. Bxe1 Bb1 31. Bb3 a4 32. Bxa4 Bxa2 33.
Bb4 1/2-1/2

[Event "17. Int. Boeblinger Open"]
[Site "Boeblingen"]
[Date "2000.12.28"]
[Round "5"]
[White "Muth, Roland"]
[Black "Ortmann, David"]
[Result "0-1"]
[WhiteElo "2067"]
[BlackElo "2198"]
[PlyCount "66"]
[EventDate "2000.12.26"]

1. e4 c5 2. d3 Nc6 3. f4 d5 4. e5 Nh6 5. c3 g6 6. Be2 Bg7 7. Nf3 f6 8. exf6
exf6 9. O-O O-O 10. Na3 Be6 11. Qb3 Qd7 12. d4 c4 13. Qd1 Rab8 14. Nc2 Nf5 15.
Ne3 Nd6 16. Nd2 b5 17. Bf3 Ne7 18. b3 Rfd8 19. Ba3 f5 20. Rc1 Ne4 21. Be2 Nxc3
22. Rxc3 Bxd4 23. Bxe7 Qxe7 24. Nb1 Bxc3 25. Nxc3 d4 26. Nxf5 Bxf5 27. Nxb5 d3
28. Bg4 Qc5+ 29. Kh1 Qxb5 30. bxc4 Bxg4 31. Qxg4 Qxc4 32. Qf3 d2 33. f5 Qxf1+
0-1

[Event "17. Int. Boeblinger Open"]
[Site "Boeblingen"]
[Date "2000.12.28"]
[Round "5"]
[White "Niemers, Johannes"]
[Black "Rudolph, Peter"]
[Result "1/2-1/2"]
[WhiteElo "2022"]
[BlackElo "2195"]
[PlyCount "59"]
[EventDate "2000.12.26"]

1. e4 c5 2. Nf3 Nc6 3. d4 cxd4 4. Nxd4 Qb6 5. Nb3 Nf6 6. Nc3 e6 7. Be3 Qc7 8.
Nb5 Qb8 9. f3 a6 10. N5d4 d5 11. Nxc6 bxc6 12. Bd3 Bd6 13. g3 a5 14. a4 O-O 15.
c3 Rd8 16. Qc2 dxe4 17. Bxe4 Nxe4 18. fxe4 e5 19. O-O Be6 20. Nc5 Bc4 21. Rf3
Bxc5 22. Bxc5 Bb3 23. Qe2 Be6 24. Rf2 Qb3 25. Ra3 Qc4 26. Qxc4 Bxc4 27. Kg2 Rd3
28. Rf3 Rd2+ 29. Rf2 Rd1 30. b4 1/2-1/2

[Event "17. Int. Boeblinger Open"]
[Site "Boeblingen"]
[Date "2000.12.28"]
[Round "5"]
[White "Prestel, Oliver"]
[Black "Niklasch, Oliver"]
[Result "1/2-1/2"]
[WhiteElo "2195"]
[BlackElo "2363"]
[PlyCount "78"]
[EventDate "2000.12.26"]

1. d4 Nf6 2. c4 e6 3. Nf3 b6 4. g3 Ba6 5. b3 Bb4+ 6. Bd2 Be7 7. Bg2 O-O 8. Ne5
d5 9. Bc3 c6 10. Nd2 Nfd7 11. Nxd7 Nxd7 12. O-O Rc8 13. e4 dxc4 14. bxc4 b5 15.
Re1 bxc4 16. Qc2 Nb6 17. a4 c5 18. d5 exd5 19. exd5 Rc7 20. Rad1 Rd7 21. Nf1
Bf6 22. Bxf6 Qxf6 23. a5 Nc8 24. Qa4 Rb7 25. Ne3 Rb2 26. Ng4 Qg6 27. Ne5 Qf5
28. f4 Bb5 29. Qa3 Qc2 30. Qf3 Nd6 31. g4 Re8 32. Nc6 Re2 33. Qxe2 Qxe2 34.
Rxe2 Rxe2 35. Nxa7 Ba6 36. Bf1 Rb2 37. Rc1 f6 38. Nc6 Kf8 39. Nd8 Ne4 1/2-1/2

[Event "17. Int. Boeblinger Open"]
[Site "Boeblingen"]
[Date "2000.12.28"]
[Round "5"]
[White "Schaefer, Michael"]
[Black "Gross, Stefan"]
[Result "1/2-1/2"]
[WhiteElo "2221"]
[BlackElo "2372"]
[PlyCount "77"]
[EventDate "2000.12.26"]

1. d4 g6 2. c4 Bg7 3. Nc3 d6 4. Nf3 Nd7 5. e3 Ngf6 6. Be2 O-O 7. O-O e5 8. b4
Re8 9. a4 e4 10. Nd2 Nf8 11. b5 h5 12. Ba3 N8h7 13. a5 Bf5 14. c5 d5 15. c6 b6
16. Bb4 Rc8 17. axb6 axb6 18. Ra7 Bh6 19. Qb3 Be6 20. Rfa1 Ng4 21. Nf1 f5 22.
Rb7 f4 23. Bxg4 hxg4 24. exf4 Bxf4 25. Ne2 Bd6 26. Bxd6 Qxd6 27. Qg3 Qxg3 28.
hxg3 Re7 29. Raa7 Kf8 30. Ne3 Nf6 31. Nc3 g5 32. Nc2 Ne8 33. Nb4 Rd8 34. Kf1
Rf7 35. Ke2 Re7 36. Na6 Rc8 37. Nb4 Rd8 38. Na6 Rc8 39. Nb4 1/2-1/2

[Event "17. Int. Boeblinger Open"]
[Site "Boeblingen"]
[Date "2000.12.28"]
[Round "5"]
[White "Schlecht, Daniel"]
[Black "Kapic, Ibrahim"]
[Result "1/2-1/2"]
[WhiteElo "2348"]
[BlackElo "2190"]
[PlyCount "103"]
[EventDate "2000.12.26"]

1. d4 d5 2. c4 c6 3. Nf3 Nf6 4. e3 Bf5 5. Nc3 e6 6. Nh4 Bg6 7. Qb3 Qb6 8. Nxg6
hxg6 9. Bd2 Nbd7 10. Be2 Be7 11. h3 O-O 12. Qc2 dxc4 13. Bxc4 c5 14. d5 exd5
15. Nxd5 Nxd5 16. Bxd5 Bf6 17. O-O Qd6 18. Be4 Rad8 19. Rad1 b6 20. Bc1 Qe7 21.
Bd5 Nb8 22. Qc4 Rd7 23. Rd3 Rfd8 24. Rfd1 g5 25. a3 g6 26. b3 Kg7 27. g3 Rd6
28. Kg2 Qd7 29. Be4 Rxd3 30. Rxd3 Qe8 31. Rxd8 Qxd8 32. Qd5 Qxd5 33. Bxd5 Na6
34. Kf3 Bc3 35. Bc4 Nc7 36. Ke2 Ne8 37. Kd3 Ba1 38. Bd5 Nd6 39. Bd2 Bb2 40. a4
Ba3 41. e4 Kf6 42. Bc3+ Ke7 43. g4 f6 44. e5 fxe5 45. Bxe5 Bc1 46. Be4 Ke6 47.
Bg3 Nxe4 48. Kxe4 a6 49. Bc7 b5 50. axb5 axb5 51. Bb6 Kd6 52. Bd8 1/2-1/2

[Event "17. Int. Boeblinger Open"]
[Site "Boeblingen"]
[Date "2000.12.28"]
[Round "5"]
[White "Schmittdiel, Eckhard"]
[Black "Baramidze, David"]
[Result "1-0"]
[WhiteElo "2498"]
[BlackElo "2224"]
[PlyCount "87"]
[EventDate "2000.12.26"]

1. e4 c5 2. c3 d5 3. exd5 Qxd5 4. d4 Nf6 5. dxc5 Qxc5 6. Nf3 e6 7. Be3 Qc7 8.
Na3 Nc6 9. Nb5 Qb8 10. g3 Be7 11. Bg2 O-O 12. O-O a6 13. Nbd4 Bd7 14. Bf4 Qa7
15. Ne5 Nxe5 16. Bxe5 Rfd8 17. Qb3 Nd5 18. Bxd5 exd5 19. Bc7 Rdc8 20. Bb6 Ba4
21. Bxa7 Bxb3 22. Nxb3 Rxa7 23. Rad1 Rd8 24. Rfe1 b6 25. c4 Bb4 26. Re5 Rad7
27. Rexd5 Rxd5 28. Rxd5 Rxd5 29. cxd5 Kf8 30. Kg2 Ke7 31. a3 Bd6 32. f4 Bc7 33.
Kf3 Kd6 34. Ke4 f5+ 35. Kxf5 Kxd5 36. g4 g6+ 37. Kg5 Ke4 38. Nd2+ Kd3 39. Nf1
Kc2 40. Ne3+ Kxb2 41. Nd5 Bd8+ 42. Kh6 Kxa3 43. Kxh7 Kb3 44. g5 1-0

[Event "17. Int. Boeblinger Open"]
[Site "Boeblingen"]
[Date "2000.12.28"]
[Round "5"]
[White "Scholz, Christian"]
[Black "Stephan, Jan"]
[Result "1-0"]
[WhiteElo "2324"]
[BlackElo "2174"]
[PlyCount "69"]
[EventDate "2000.12.26"]

1. d4 d5 2. c4 c6 3. Nf3 Nf6 4. Nc3 e6 5. e3 Bd6 6. Qc2 Nbd7 7. g4 h6 8. Rg1 g5
9. Bd2 dxc4 10. e4 Be7 11. Bxc4 Nb6 12. Bb3 Bd7 13. O-O-O Qc7 14. Ne5 Rf8 15.
f4 Ng8 16. d5 gxf4 17. Nxd7 Nxd7 18. dxe6 fxe6 19. Bxe6 O-O-O 20. Kb1 Bd6 21.
h4 Kb8 22. g5 hxg5 23. hxg5 Nc5 24. Bf5 Be5 25. Bc1 Qb6 26. Rgf1 Rxd1 27. Rxd1
Rd8 28. Na4 Nxa4 29. Qxa4 Qc7 30. Rh1 Qd6 31. Qb3 Qd3+ 32. Qxd3 Rxd3 33. Rg1 f3
34. Rf1 Ne7 35. Kc2 1-0

[Event "17. Int. Boeblinger Open"]
[Site "Boeblingen"]
[Date "2000.12.28"]
[Round "5"]
[White "Szenetra, Werner"]
[Black "Gulde, Juergen"]
[Result "1/2-1/2"]
[WhiteElo "2193"]
[BlackElo "2073"]
[PlyCount "74"]
[EventDate "2000.12.26"]

1. Nf3 Nf6 2. g3 g6 3. Bg2 Bg7 4. O-O O-O 5. d3 d5 6. Nbd2 c6 7. e4 Qc7 8. Qe2
dxe4 9. dxe4 e5 10. b3 Bg4 11. h3 Bxf3 12. Nxf3 Rd8 13. Bb2 Ne8 14. Rfd1 Nd7
15. Rd2 Nc5 16. Rad1 Ne6 17. h4 Rxd2 18. Rxd2 Rd8 19. Rxd8 Nxd8 20. Bh3 Qd6 21.
Qd3 Qxd3 22. cxd3 f6 23. d4 Nd6 24. dxe5 Nxe4 25. e6 Kf8 26. Ba3+ c5 27. b4 b6
28. bxc5 Nxc5 29. h5 Nc6 30. hxg6 hxg6 31. Nd2 Ke8 32. Bxc5 bxc5 33. Ne4 f5 34.
Nxc5 Nd8 35. g4 fxg4 36. Bxg4 Bf8 37. Nd7 Bg7 1/2-1/2

[Event "17. Int. Boeblinger Open"]
[Site "Boeblingen"]
[Date "2000.12.28"]
[Round "5"]
[White "Vehreschild, Axel"]
[Black "Fahnenschmidt, Gerhard"]
[Result "1-0"]
[WhiteElo "2122"]
[BlackElo "2262"]
[PlyCount "85"]
[EventDate "2000.12.26"]

1. c4 e5 2. Nc3 Nc6 3. Nf3 f5 4. d4 e4 5. Ng5 Bb4 6. Nh3 Nf6 7. e3 O-O 8. Bd2
Bxc3 9. Bxc3 d5 10. Qb3 Ne7 11. Nf4 c6 12. Rc1 g5 13. Ne2 dxc4 14. Qxc4+ Nfd5
15. h4 f4 16. hxg5 fxe3 17. fxe3 Be6 18. Bd2 Nf5 19. Qc2 Nd6 20. Nf4 Qxg5 21.
Nxe6 Qg3+ 22. Kd1 Rf2 23. Qb3 Nf5 24. Nf4 Qg4+ 25. Be2 Rxe2 26. Nxe2 Ng3 27.
Re1 Rf8 28. Bb4 Rf1 29. Rc2 Rf2 30. Bd6 Nf5 31. Bf4 Kf8 32. Kc1 Qxg2 33. Qxb7
Rf1 34. Qc8+ Ke7 35. Bg5+ Qxg5 36. Rxf1 Ndxe3 37. Qc7+ Kf8 38. Rg1 Qh4 39. Rxc6
Ne7 40. Qd8+ Kf7 41. Rc7 N3f5 42. Qd5+ Kf8 43. Rg8+ 1-0

[Event "17. Int. Boeblinger Open"]
[Site "Boeblingen"]
[Date "2000.12.28"]
[Round "5"]
[White "Werner, Clemens"]
[Black "Lindemann, Stefan"]
[Result "1/2-1/2"]
[WhiteElo "2347"]
[BlackElo "2348"]
[PlyCount "33"]
[EventDate "2000.12.26"]

1. e4 c5 2. c3 d5 3. exd5 Qxd5 4. d4 Nf6 5. Nf3 Bg4 6. Be2 e6 7. h3 Bh5 8. O-O
Nc6 9. Be3 cxd4 10. Nxd4 Bxe2 11. Qxe2 Be7 12. Rd1 O-O 13. c4 Nxd4 14. Bxd4 Qc6
15. Nd2 a6 16. Nf3 Rac8 17. b3 1/2-1/2